5 Letter Names in Literature Quiz Stats

 Plays Quiz Updated Jul 8, 2014

Support Sporcle.
Go Orange.
Score 0/35 Timer 06:00
2 Plays Today
% Correct
Seuss
93.2%
Twain
92.6%
Homer
91.3%
Brown
89.6%
Dante
85.4%
Lewis
84.4%
Milne
83.8%
Verne
81.5%
Doyle
79.7%
Meyer
76.9%
Swift
74.9%
Frank
74.7%
Wells
74.7%
Stowe
74.3%
Defoe
73.6%
White
72.7%
Stine
70.6%
Adams
70.4%
% Correct
Wilde
67.9%
Haley
62.1%
Joyce
61.5%
Camus
58.3%
Crane
56.3%
Kafka
54.5%
Carle
51.1%
Hardy
50.8%
Eliot (T.S.)
50.2%
Waugh
50.1%
Woolf
49.9%
Hesse
48.2%
Ibsen
45.5%
Eliot (George)
44.6%
Greer
42.8%
Byron
39.9%
James
35.9%

You're not logged in!

Compare scores with friends on all Sporcle quizzes.
OR
Log In

From the Vault

Find the Countries of Europe in Italian

by lizbsn

Another way is to say the English name, but just gesticulate a lot.
Remove Ads.
Support Sporcle.
Get the best of Sporcle when you Go Orange. This ad-free experience offers more features, more stats, and more fun while also helping to support Sporcle. Thank you for becoming a member.

Show Comments

Extras

Top Quizzes Today


Score Distribution

Your Account Isn't Verified!

In order to create a playlist on Sporcle, you need to verify the email address you used during registration. Go to your Sporcle Settings to finish the process.

Report this User

Report this user for behavior that violates our Community Guidelines.

Details: